[Event "BCF-chT4 2223 (4NCL)"]
[Site "England"]
[Date "2023.01.08"]
[Round "4.23"]
[White "Weatherlake, John P"]
[Black "Michener, Max"]
[Result "1/2-1/2"]
[WhiteElo "2022"]
[BlackElo "1502"]
[PlyCount "113"]
[EventDate "2022.11.05"]
[EventType "team-swiss"]
[EventRounds "11"]
[EventCountry "ENG"]
[SourceTitle "EXT 2024"]
[Source "ChessBase"]
[SourceDate "2023.10.10"]
[SourceVersion "1"]
[SourceVersionDate "2023.10.10"]
[SourceQuality "1"]
[WhiteTeam "Poole Patzers"]
[BlackTeam "Barnet Knights III"]
[WhiteTeamCountry "ENG"]
[BlackTeamCountry "ENG"]

1. e4 e5 2. Bc4 Nf6 3. d3 c6 4. Nf3 d5 5. Bb3 Bd6 6. 0-0 Bg4 7. h3 Be6 8. Ng5 h6 9. Nxe6 fxe6 10. Qe2 0-0 11. f4 exf4 12. e5 Bc5+ 13. Kh1 Nfd7 14. c3 Qh4 15. d4 f3 16. gxf3 Qxh3+ 17. Kg1 Qg3+ 18. Qg2 Qxg2+ 19. Kxg2 Be7 20. Be3 c5 21. Nd2 cxd4 22. cxd4 Nc6 23. Rh1 Bb4 24. Nf1 Ba5 25. Kf2 Bb6 26. Rd1 Ne7 27. Ng3 Nb8 28. Rdg1 Kf7 29. Rh4 Ke8 30. Rg4 g5 31. Ke2 Nbc6 32. Ba4 Rc8 33. Rh1 Ng8 34. Nh5 Ke7 35. Rh3 Rc7 36. a3 a5 37. Kd3 Kd8 38. f4 Bxd4 39. Bxd4 Nxd4 40. Nf6 Nxf6 41. exf6 Nf5 42. fxg5 hxg5 43. Rxg5 Rcf7 44. Rg6 Rxf6 45. Rxf6 Rxf6 46. Rh7 Kc8 47. b4 axb4 48. axb4 Kb8 49. Bd7 Ka7 50. Bc6 Kb6 51. Bxb7 Nd6 52. Ba8 Rf7 53. Rxf7 Nxf7 54. Kd4 e5+ 55. Kxd5 Kb5 56. Ke6 Kxb4 57. Kxf7 1/2-1/2

[Event "BCF-chT4 2223 (4NCL)"]
[Site "England"]
[Date "2023.01.07"]
[Round "3.43"]
[White "Michener, Max"]
[Black "Shah, Kyal"]
[Result "1/2-1/2"]
[WhiteElo "1502"]
[BlackElo "1656"]
[PlyCount "113"]
[EventDate "2022.11.05"]
[EventType "team-swiss"]
[EventRounds "11"]
[EventCountry "ENG"]
[SourceTitle "EXT 2024"]
[Source "ChessBase"]
[SourceDate "2023.10.10"]
[SourceVersion "1"]
[SourceVersionDate "2023.10.10"]
[SourceQuality "1"]
[WhiteTeam "Barnet Knights III"]
[BlackTeam "Cambridge University"]
[WhiteTeamCountry "ENG"]
[BlackTeamCountry "ENG"]

1. e4 e6 2. d4 d5 3. exd5 exd5 4. Bd3 Bd6 5. Be3 Nf6 6. h3 0-0 7. Nd2 Re8 8. Ne2 h6 9. c3 c6 10. Qc2 Qc7 11. 0-0-0 Qa5 12. a3 Nbd7 13. g4 c5 14. Nb3 Qc7 15. dxc5 Nxc5 16. Nxc5 Bxc5 17. Bxc5 Qxc5 18. Nd4 Bd7 19. f4 Rac8 20. g5 hxg5 21. fxg5 Ne4 22. Rde1 Qa5 23. Bxe4 dxe4 24. Rxe4 Qxg5+ 25. Kb1 Qd5 26. Rhe1 Rxe4 27. Rxe4 Bxh3 28. Re1 Be6 29. Nxe6 fxe6 30. Ka1 Qd7 31. Qg6 Qf7 32. Qg4 Qf5 33. Qh4 Rf8 34. Qe7 Qf7 35. Qh4 Qf2 36. Qe4 Qf7 37. Qh4 Qf6 38. Qg4 Re8 39. Qh5 Qf7 40. Qh4 e5 41. Rh1 Qf6 42. Qh7+ Kf7 43. Qh3 Kg8 44. Qh8+ Kf7 45. Qh3 Kg8 46. Qh8+ Kf7 47. Qh3 Ke7 48. Rd1 Qe6 49. Qh4+ Qf6 50. Qh3 Qe6 51. Qh4+ Kf8 52. Rf1+ Kg8 53. Rh1 Qf6 54. Qh8+ Kf7 55. Qh3 Ke7 56. Rd1 Rd8 57. Rf1 1/2-1/2